Morals for the young /

Bibliographic Details
Main Author: Locke, William John, 1863-1930
Other Authors: Morrow, George, 1869-1955
Format: Microform Book
Language:English
Published: London ; New York : J. Lane, 1915
Series:Opie collection of children's literature ; 042:310.
Subjects:

MARC

Tag First Indicator Second Indicator Subfields
LEADER 00000cam a2200000Ia 4500
001 in00002597321
005 20151201154628.0
007 he amb---bacp
007 hz bhb---babp
008 091027s1915 enka b 000 p eng d
035 |a (OCoLC)ocn460117797 
035 |a (OCoLC)460117797 
037 |a CL0021000042  |b ProQuest Information and Learning, 789 E. Eisenhower Parkway, Ann Arbor, MI 48108-3218 
040 |a UMI  |c UMI  |d UtOrBLW 
049 |a UMIA 
090 |a PZ5  |b .O67 1990 no.042:310. 
100 1 |a Locke, William John,  |d 1863-1930. 
245 1 0 |a Morals for the young /  |c by Marcus ; illustrated by George Morrow ; with a foreword by William J. Locke. 
264 1 |a London ;  |a New York :  |b J. Lane,  |c 1915 
264 3 |a Plymouth :  |b W. Brendon & Son 
300 |a 113 unnumbered pages :  |b illustrations 
336 |a text  |b txt  |2 rdacontent 
337 |a microform  |b h  |2 rdamedia 
338 |a microfiche  |b he  |2 rdacarrier 
500 |a Attributed to William John Locke. Cf. NUC pre-1956 imprints. 
500 |a Reproduction of original in the Bodleian Library. 
510 4 |a Opie,  |c PP 604 
510 4 |a NUC pre-1956,  |c fiche no. 4763 
533 |a Microfiche.  |b Ann Arbor, Mich. :  |c UMI,  |d 2001.  |e 2 microfiches ; 11 x 15 cm.  |f (Opie collection of children's literature ; 042:310).  |7 s2001 miun b 
500 |a Microform. 
650 0 |a Children's poetry, English. 
650 0 |a Children  |x Conduct of life  |v Juvenile poetry. 
700 1 |a Morrow, George,  |d 1869-1955. 
830 0 |a Opie collection of children's literature ;  |v 042:310. 
994 |a 02  |b UMI 
999 |a MARS 
999 f f |s 47cefa38-2f92-3586-b1c3-7e00464be16b  |i 19a914f7-de08-34e9-b611-bcbe681592ae  |t 0 
952 f f |a Texas A&M University  |b College Station  |c Sterling C. Evans Library  |d Evans: Microforms Fiche (3rd floor)  |t 0  |e PZ5 .O67 1990 no.042:310.  |h Library of Congress classification 
998 f f |a PZ5 .O67 1990 no.042:310.  |t 0  |l Evans: Microforms Fiche (3rd floor)